Statistics for NBA Top 100 Players All-Time

Click here to take the quiz!

General Stats

  • This quiz has been taken 411 times
  • The average score is 65 of 104

Answer Stats

Player% Correct
Michael Jordan
100%
LeBron James
99%
Kareem Abdul-Jabbar
98%
Kobe Bryant
97%
Magic Johnson
97%
Shaquille O'Neal
96%
Larry Bird
95%
Stephen Curry
95%
Wilt Chamberlain
95%
Jerry West
94%
Tim Duncan
94%
Bill Russell
92%
Kevin Durant
91%
Hakeem Olajuwon
90%
Karl Malone
88%
Scottie Pippen
88%
Julius Erving
87%
Moses Malone
87%
James Harden
86%
Russell Westbrook
86%
Kevin Garnett
84%
David Robinson
83%
Chris Paul
82%
Dennis Johnson
82%
Dirk Nowitzki
82%
Dwyane Wade
82%
John Stockton
81%
Dennis Rodman
80%
Steve Nash
80%
Isiah Thomas
79%
Allen Iverson
78%
Klay Thompson
78%
Charles Barkley
77%
Oscar Robertson
77%
Patrick Ewing
77%
Paul Pierce
77%
Jason Kidd
76%
Ray Allen
76%
Tony Parker
76%
Bob Cousy
74%
Chris Bosh
72%
Giannis Antetokounmpo
72%
Manu Ginóbili
71%
Reggie Miller
71%
Anthony Davis
70%
Carmelo Anthony
70%
Clyde Drexler
70%
Tracy McGrady
70%
Elgin Baylor
69%
John Havlicek
69%
Kawhi Leonard
69%
Kevin McHale
68%
Vince Carter
67%
Bob Pettit
65%
Gary Payton
65%
Dwight Howard
64%
Pau Gasol
64%
Dominique Wilkins
63%
Lenny Wilkens
63%
Robert Parish
62%
James Worthy
60%
Penny Hardaway
59%
Sam Jones
58%
Damian Lillard
56%
George Mikan
56%
Ben Wallace
55%
Wes Unseld
55%
Bill Walton
54%
Elvin Hayes
54%
Walt Frazier
54%
Dikembe Mutombo
53%
Rick Barry
53%
Alonzo Mourning
52%
George Gervin
51%
Joe Dumars
51%
Willis Reed
50%
Pete Maravich
49%
Alex English
48%
Bob McAdoo
46%
Chris Webber
44%
Dave Cowens
43%
Chris Mullin
42%
Grant Hill
42%
Dolph Schayes
39%
Nate Archibald
38%
Bernard King
36%
Artis Gilmore
35%
Paul Arizin
33%
Adrian Dantley
32%
Dave DeBusschere
32%
Earl Monroe
32%
Nate Thurmond
29%
Sidney Moncrief
29%
Billy Cunningham
28%
Bob Lanier
27%
Hal Greer
27%
Jerry Lucas
27%
Gail Goodrich
25%
Dave Bing
23%
Mitch Richmond
22%
Dan Issel
13%
Walt Bellamy
13%
Jamaal Wilkes
8%
Spencer Haywood
4%

Score Distribution

Percentile by Number Answered

Percent of People with Each Score

Your Score History

You have not taken this quiz